Central Library OPAC University of Rajshahi

Vegetable Crops / (Record no. 37615)

MARC details
000 -LEADER
fixed length control field 00686nam a2200241 4500
001 - CONTROL NUMBER
control field 37615
003 - CONTROL NUMBER IDENTIFIER
rucl marc code BD-RjUL
005 - DATE AND TIME OF LATEST TRANSACTION
control field 20211209052628.0
008 - FIXED-LENGTH DATA ELEMENTS--GENERAL INFORMATION
fixed length control field 150203r19991993ii ||||| |||| 001 0 eng d
035 ## - SYSTEM CONTROL NUMBER
System control number (BD-RjUL)37719
040 ## - CATALOGING SOURCE
Original cataloging agency BD-RjUL
Language of cataloging eng
Transcribing agency BD-RjUL
041 ## - LANGUAGE CODE
Language code of text/sound track or separate title eng
082 ## - DEWEY DECIMAL CLASSIFICATION NUMBER
Edition number 19
Classification number 635
Author mark and year VEG 1999
245 ## - TITLE STATEMENT
Title Vegetable Crops /
Statement of responsibility, etc. Edtied by T.K. Bose, M.G. Som and J. Kabir.
260 ## - PUBLICATION, DISTRIBUTION, ETC. (IMPRINT)
Place of publication, distribution, etc. Calcutta :
Name of publisher, distributor, etc. Naya Prokash,
Date of publication, distribution, etc. 1993 [reprint 1999].
300 ## - PHYSICAL DESCRIPTION
Pagination 959 p. ;
Size 26 cm.
500 ## - GENERAL NOTE
General note Includes index.
650 ## - SUBJECT ADDED ENTRY--TOPICAL TERM
Topical term or geographic name as entry element Vegetable gardening.
9 (RLIN) 115669
700 ## - ADDED ENTRY--PERSONAL NAME
Personal name Bose, T.K.
Personal name Som, M.G.
Personal name Kabir, J.
942 ## - ADDED ENTRY ELEMENTS (KOHA)
Source of classification or shelving scheme Dewey Decimal Classification
Koha item type Books
Holdings
Lost status Source of classification or shelving scheme Damaged status Not for loan Collection code Permanent Location Current Location Shelving location Date acquired Cost, normal purchase price Total Checkouts Full call number Date last seen Copy number Koha item type
  Dewey Decimal Classification   Not For Loan Non-fiction Institute of Biological Sciences (IBSc) Library Institute of Biological Sciences (IBSc) Library   03/02/2015 2265.00   635 VEG 1999 03/02/2015 C-1 Books